Estatísticas para Times campeões da Copa do Brasil

Clique aqui para jogar o quiz

Estatísticas Gerais

  • Esse quiz foi jogado 136 vezes
  • A pontuação média é 33 de 35

Estatísticas das Respostas

HintResposta% Correto
2006Flamengo
100%
1990Flamengo
100%
2022Flamengo
100%
2013Flamengo
100%
2020Palmeiras
99%
1998Palmeiras
99%
2015Palmeiras
99%
2012Palmeiras
99%
1993Cruzeiro
98%
2018Cruzeiro
98%
2017Cruzeiro
98%
1996Cruzeiro
98%
2000Cruzeiro
98%
2003Cruzeiro
98%
2016Grêmio
97%
1989Grêmio
97%
2001Grêmio
97%
1994Grêmio
97%
1997Grêmio
97%
2010Santos
97%
2023São Paulo
97%
2021Atlético Mineiro
96%
2014Atlético Mineiro
96%
2002Corinthians
96%
2009Corinthians
96%
1995Corinthians
96%
2007Fluminense
94%
1992Internacional
94%
2011Vasco
92%
2019Athletico Paranaense
85%
2008Sport
78%
1991Criciúma
75%
2005Paulista
75%
2004Santo André
75%
1999Juventude
72%

Distribuição das Pontuações

Percentil de Números Respondidos

Porcentagem de Pessoas com Cada Pontuação

Sua Pontuação Histórica

Você não jogou esse quiz